[Event "ICS Rated blitz match"]
[Site "204.178.125.65"]
[Date "1999.08.23"]
[Round "?"]
[White "JudgeTurpin"]
[Black "Hossa"]
[Result "0-1"]
[WhiteElo "2624"]
[BlackElo "2405"]
[PlyCount "186"]

1. d4 Nf6 2. c4 g6 3. Nc3 Bg7 4. e4 d6 5. Nf3 O-O 6. Be2 e5 7. O-O Ng4 8. Bg5
f6 9. Bh4 Qd7 10. h3 Nh6 11. c5 dxc5 12. dxe5 fxe5 13. Bc4+ Kh8 14. Qxd7 Bxd7
15. Rad1 Bxh3 16. Be7 Nc6 17. Bxf8 Rxf8 18. Ng5 Bc8 19. Nd5 Na5 20. Be2 c6 21.
Nc7 Bf6 22. Nge6 Rf7 23. b3 Be7 24. f3 Rf6 25. Ng5 Ng8 26. Kf2 h6 27. Rh1 b5
28. Rh2 c4 29. bxc4 Nxc4 30. Bxc4 bxc4 31. Ke2 c3 32. Rd3 c5 33. Nd5 Ba6 34.
Nxf6 Nxf6 35. Ne6 h5 36. Ke3 Bc4 37. Rxc3 Bxe6 38. Rh1 c4 39. Rb1 Bc5+ 40. Ke2
Bd4 41. Ra3 c3 42. Kd3 Nd7 43. Kc2 Bc4 44. Ra5 a6 45. Rb4 Nb6 46. g3 Be2 47.
Rxb6 Bxb6 48. Rxe5 Bxf3 49. Kxc3 Bf2 50. Kd3 Kg7 51. Re7+ Kf6 52. Re8 Kf7 53.
Rb8 g5 54. Rb7+ Kf6 55. Rb8 g4 56. Rf8+ Kg6 57. Rg8+ Kh6 58. Rh8+ Kg7 59. Rxh5
Bxg3 60. Rg5+ Kf6 61. Ra5 Be1 62. Rf5+ Ke6 63. Ke3 a5 64. a4 Bc3 65. Rd5 Bb4
66. Rg5 Bd1 67. Kd4 Kf6 68. Rg8 Be7 69. Ke3 Bc5+ 70. Kd2 Bf3 71. Kd3 Bf2 72.
Rf8+ Kg7 73. Rf5 g3 74. Rxf3 g2 75. Rxf2 g1=Q 76. Ke3 Qc1+ 77. Kd4 Qa1+ 78. Ke3
Qxa4 79. Rf5 Qc4 80. Kf4 a4 81. Rd5 Qxd5 82. exd5 Kf6 83. d6 Ke6 84. Ke3 a3 85.
Kd4 a2 86. Ke4 Kxd6 87. Kd4 a1=Q+ 88. Ke4 Qe1+ 89. Kd4 Qe2 90. Kc3 Kc5 91. Kb3
Qd2 92. Ka3 Kc4 93. Ka4 93... Qa2# {JudgeTurpin checkmated} 0-1

[Event "ICS Rated blitz match"]
[Site "204.178.125.65"]
[Date "1999.08.23"]
[Round "?"]
[White "Hossa"]
[Black "JudgeTurpin"]
[Result "0-1"]
[WhiteElo "2430"]
[BlackElo "2599"]
[PlyCount "125"]

1. d4 Nf6 2. c4 c5 3. d5 e6 4. Nc3 exd5 5. cxd5 g6 6. e4 d6 7. Qa4+ Nbd7 8. Nb5
Be7 9. Bd3 a6 10. Bh6 Ng4 11. Bg7 Rg8 12. Bc3 Nb6 13. Nxd6+ Kf8 14. Nxb7 Nxa4
15. Nxd8 Bxd8 16. h3 Nf6 17. Rb1 Nxc3 18. bxc3 Bc7 19. Nf3 Rb8 20. Rxb8 Bxb8
21. c4 Ke7 22. Kd2 Nd7 23. Rb1 Bf4+ 24. Kc2 Ne5 25. Nxe5 Bxe5 26. f3 Bd7 27. g4
g5 28. Rb6 Ra8 29. Kd1 f6 30. Kc2 Kd8 31. a3 Kc7 32. Rb1 Bf4 33. Kc3 a5 34. Bc2
Be5+ 35. Kd3 h5 36. Rb3 h4 37. Rb1 Rd8 38. Ke3 Re8 39. Kd2 Bf4+ 40. Kc3 Rc8 41.
Bd3 Be5+ 42. Kd2 Bg3 43. Kc3 Kd6 44. Rb6+ Ke5 45. Bc2 Rd8 46. Kd3 Be1 47. Bb3
Rf8 48. Bc2 Rh8 49. Rb7 Rd8 50. Rb6 Rg8 51. Rb7 Bc8 52. Rc7 Bf2 53. Ra7 Kf4 54.
Ke2 Bd4 55. Rxa5 Bd7 56. Ra7 Rd8 57. a4 Kg3 58. Rb7 Kxh3 59. a5 Kg3 60. Rb6 h3
61. Rb1 h2 62. Rh1 Kg2 63. Rxh2+ {Hossa resigns} 0-1

[Event "ICS Rated blitz match"]
[Site "204.178.125.65"]
[Date "1999.08.23"]
[Round "?"]
[White "JudgeTurpin"]
[Black "Hossa"]
[Result "1/2-1/2"]
[WhiteElo "2608"]
[BlackElo "2421"]
[PlyCount "226"]

1. Nf3 b6 2. g3 Bb7 3. Bg2 e6 4. O-O d5 5. d4 Be7 6. Nc3 Nf6 7. Bf4 O-O 8. Nb5
Ne8 9. Ne5 Nd7 10. Qd3 c5 11. dxc5 Nxc5 12. Qc3 f6 13. Nd3 e5 14. Nxc5 Bxc5 15.
Be3 Bxe3 16. Qxe3 a6 17. Na3 Nd6 18. Qb3 Nf5 19. c3 Ne7 20. Rfd1 a5 21. Nc4 Ra6
22. a4 Kh8 23. Ne3 Qc8 24. Nxd5 Nxd5 25. Bxd5 Bxd5 26. Rxd5 Qg4 27. Qb5 Raa8
28. Rd6 Rab8 29. e3 Qc8 30. Rxb6 Qc7 31. Rc6 Rxb5 32. Rxc7 Rxb2 33. Rd1 Ra2 34.
Rdd7 Rg8 35. Rc4 h6 36. Rg4 Rc2 37. Rc7 Kh7 38. h3 f5 39. Rgc4 Rd8 40. Rf7 Kg6
41. Rcc7 Rd1+ 42. Kg2 Rdd2 43. g4 Rxf2+ 44. Kg3 Rg2+ 45. Kh4 fxg4 46. Rxg7+ Kf5
47. Rxg4 Rxg4+ 48. hxg4+ Ke4 49. Kh5 Ra2 50. Kxh6 Kxe3 51. g5 Rxa4 52. g6 Rh4+
53. Kg5 Rh3 54. g7 Rg3+ 55. Kf6 Kd2 56. Rc5 a4 57. Rc8 a3 58. g8=Q Rxg8 59.
Rxg8 Kxc3 60. Ra8 Kb3 61. Kxe5 a2 62. Ra7 Kb2 63. Kd5 a1=R 64. Rc7 Rb1 65. Rb7+
Kc2 66. Rf7 Kb3 67. Kd4 Rb2 68. Rb7+ Kc2 69. Rg7 Kb3 70. Ke4 Kb4 71. Rb7+ Kc3
72. Rc7+ Kb4 73. Kd3 Kb3 74. Rc8 Kb4 75. Rb8+ Ka3 76. Ra8+ Kb3 77. Ra6 Kb4 78.
Rb6+ Ka3 79. Rc6 Kb3 80. Rc7 Kb4 81. Ke4 Kb3 82. Rc8 Kb4 83. Kd4 Kb3 84. Rb8+
Kc2 85. Re8 Kb3 86. Rc8 Kb4 87. Rb8+ Ka3 88. Rf8 Kb3 89. Rf7 Kb4 90. Rb7+ Ka3
91. Rc7 Kb3 92. Rc3+ Kb4 93. Rc4+ Kb5 94. Rc7 Kb6 95. Rc8 Rb4+ 96. Kd5 Kb5 97.
Rb8+ Ka5 98. Rg8 Kb5 99. Ra8 Kb6 100. Re8 Kb5 101. Re7 Kb6 102. Re6+ Kb5 103.
Re8 Kb6 104. Ra8 Kb5 105. Ra7 Kb6 106. Rg7 Kb5 107. Rb7+ Ka5 108. Rf7 Kb5 109.
Rc7 Kb6 110. Rc3 Kb5 111. Rc8 Kb6 112. Rc4 Rb3 113. Kd4 113... Kb5 {
Game drawn by the 50 move rule} 1/2-1/2

[Event "ICS Rated blitz match"]
[Site "204.178.125.65"]
[Date "1999.08.23"]
[Round "?"]
[White "DrHugoELO"]
[Black "Hossa"]
[Result "0-1"]
[WhiteElo "2079"]
[BlackElo "2433"]
[PlyCount "72"]

1. d4 Nf6 2. Nc3 d5 3. Bg5 Bf5 4. Bxf6 exf6 5. e3 Bb4 6. Nge2 O-O 7. a3 Bxc3+
8. Nxc3 c6 9. Bd3 Bxd3 10. Qxd3 Nd7 11. O-O Re8 12. Na4 Qe7 13. Rac1 Rad8 14.
c4 dxc4 15. Qc2 Qe6 16. Nc5 Nxc5 17. dxc5 Qe5 18. Qxc4 Qxb2 19. Rb1 Qxa3 20.
Rxb7 Rd5 21. Rc1 Red8 22. h4 R5d7 23. Rcb1 Rxb7 24. Rxb7 Rf8 25. g4 Qa1+ 26.
Kg2 Qa5 27. Kg3 h6 28. f4 Qe1+ 29. Kf3 Qxh4 30. f5 a5 31. Ra7 h5 32. Rxa5 Rb8
33. Ra7 Qh3+ 34. Ke2 Rb2+ 35. Kd3 Qf1+ 36. Kd4 36... Qd1+ {DrHugoELO resigns}
0-1

[Event "ICS Rated blitz match"]
[Site "204.178.125.65"]
[Date "1999.08.23"]
[Round "?"]
[White "Hossa"]
[Black "DrHugoELO"]
[Result "0-1"]
[WhiteElo "2437"]
[BlackElo "2075"]
[PlyCount "144"]

1. d4 c5 2. d5 e5 3. e4 d6 4. Bb5+ Bd7 5. Bxd7+ Nxd7 6. Nc3 Be7 7. Nf3 Ngf6 8.
a4 O-O 9. O-O Ne8 10. Nd2 g6 11. Nc4 a6 12. Bh6 Ng7 13. f4 exf4 14. Bxf4 Ne8
15. Qe1 Rb8 16. Bh6 Ng7 17. Qg3 Qc7 18. Bf4 Ne8 19. Bg5 Bxg5 20. Qxg5 b5 21.
axb5 axb5 22. Ne3 Ne5 23. Ng4 Nxg4 24. Qxg4 Qe7 25. Rf4 Qe5 26. Ra7 b4 27. Na4
Nf6 28. Qf3 Kg7 29. h4 Rbe8 30. c4 Re7 31. Rxe7 Qxe7 32. Kf2 Re8 33. Kg1 Nxe4
34. Qe3 Nf6 35. Qxe7 Rxe7 36. g4 Re4 37. Rxe4 Nxe4 38. Kg2 f5 39. gxf5 gxf5 40.
Kf3 Kf6 41. Nb6 Ke5 42. Nd7+ Kd4 43. Kf4 Kxc4 44. Kxf5 Kxd5 45. h5 c4 46. Nb6+
Kd4 47. Nxc4 Ng3+ 48. Kg4 Nxh5 49. Nxd6 Nf6+ 50. Kf5 Kc5 51. Nb7+ Kb6 52. Kxf6
Kxb7 53. Ke5 Kb6 54. Kd5 Kb5 55. b3 h5 56. Kd4 h4 57. Ke3 Kc5 58. Ke2 Kd4 59.
Ke1 Kc3 60. Kd1 Kxb3 61. Ke2 Kc2 62. Kf3 b3 63. Kg4 b2 64. Kxh4 b1=Q 65. Kg5
Qf1 66. Kg6 Kd3 67. Kg5 Ke4 68. Kg6 Qf5+ 69. Kg7 Ke5 70. Kh6 Qg4 71. Kh7 Kf6
72. Kh6 72... Qh4# {Hossa checkmated} 0-1

[Event "ICS Rated blitz match"]
[Site "204.178.125.65"]
[Date "1999.08.23"]
[Round "?"]
[White "DrHugoELO"]
[Black "Hossa"]
[Result "0-1"]
[WhiteElo "2103"]
[BlackElo "2409"]
[PlyCount "94"]

1. c4 e6 2. Nc3 d5 3. cxd5 exd5 4. d4 Bb4 5. g3 c5 6. dxc5 Bxc3+ 7. bxc3 Ne7 8.
Bg2 Qa5 9. Bd2 Qxc5 10. Nf3 O-O 11. O-O Nbc6 12. Qb3 Re8 13. Rfe1 Nf5 14. Rad1
Nd6 15. Bc1 Nc4 16. Ng5 Re5 17. Bf4 Rf5 18. e4 Rxf4 19. gxf4 N6a5 20. Qb4 Qc7
21. Rxd5 f6 22. Nh3 Be6 23. Rc5 Qd7 24. f5 Qd2 25. Rf1 Bf7 26. Rxa5 Nxa5 27.
Qxa5 Bxa2 28. Qb4 b6 29. Qd4 Qe2 30. Rd1 Bb3 31. Rf1 Ba2 32. Nf4 Qc2 33. Nd5
Bb3 34. Ne7+ Kh8 35. e5 fxe5 36. Qxe5 Rf8 37. f6 gxf6 38. Qh5 Rf7 39. Nd5 Rg7
40. Nf4 Qxc3 41. Qe8+ Bg8 42. Re1 a6 43. Re7 Qc1+ 44. Re1 Qxf4 45. Kh1 Qxf2 46.
Rg1 a5 47. Bd5 47... Rxg1# {DrHugoELO checkmated} 0-1

[Event "ICS Rated blitz match"]
[Site "204.178.125.65"]
[Date "1999.08.23"]
[Round "?"]
[White "Hossa"]
[Black "DrHugoELO"]
[Result "1-0"]
[WhiteElo "2414"]
[BlackElo "2098"]
[PlyCount "59"]

1. d4 c5 2. d5 e5 3. e4 d6 4. Bb5+ Bd7 5. Bxd7+ Nxd7 6. Nc3 Be7 7. Nf3 Ngf6 8.
a4 O-O 9. O-O Ne8 10. Qd3 g6 11. Bh6 Ng7 12. Qb5 Rb8 13. Nd2 f5 14. f4 exf4 15.
Rxf4 Bg5 16. Bxg5 Qxg5 17. Raf1 Ne5 18. b3 Rf7 19. Nc4 Nxc4 20. Qxc4 a6 21. b4
Rc7 22. exf5 Nxf5 23. Ne4 Qe7 24. Qd3 cxb4 25. g4 Nh6 26. Nf6+ Kg7 27. Re4 Qd8
28. Qd4 Rf7 29. Ne8+ Kf8 30. Qg7# {DrHugoELO checkmated} 1-0

[Event "ICS rated blitz match"]
[Site "204.178.125.65"]
[Date "1999.08.23"]
[Round "?"]
[White "DrHugoELO"]
[Black "Hossa"]
[Result "0-1"]
[WhiteElo "2094"]
[BlackElo "2418"]
[PlyCount "46"]

1. d4 Nf6 2. Nc3 d5 3. Bg5 Bf5 4. Bxf6 exf6 5. e3 Bb4 6. Nge2 O-O 7. a3 Bxc3+
8. Nxc3 c6 9. h4 Nd7 10. g4 Be6 11. Bd3 c5 12. Qf3 cxd4 13. exd4 Nb6 14. O-O-O
Qd7 15. Bf5 Bxf5 16. gxf5 Rae8 17. Rhg1 Kh8 18. Rg4 a6 19. Rdg1 Rg8 20. R4g3
Qd6 21. Kb1 Rd8 22. h5 Nc4 23. Rh1 23... Nd2+ {DrHugoELO resigns} 0-1

[Event "ICS Rated blitz match"]
[Site "204.178.125.65"]
[Date "1999.08.23"]
[Round "?"]
[White "StrongBach"]
[Black "Hossa"]
[Result "0-1"]
[WhiteElo "1922"]
[BlackElo "2422"]
[PlyCount "68"]

1. a4 d5 2. d4 Bg4 3. f3 Bh5 4. g3 Nd7 5. Nc3 e6 6. Bg2 Bb4 7. Qd2 c5 8. Qe3
Qf6 9. dxc5 d4 10. Qd3 dxc3 11. b3 Bxc5 12. Kf1 Rd8 13. Rb1 Ne7 14. Nh3 Bg6 15.
e4 O-O 16. Bg5 Qe5 17. f4 Qc7 18. Qxc3 f6 19. Bh4 Qc6 20. Qd3 e5 21. Re1 Bb4
22. Rd1 Bh5 23. Ra1 g5 24. Nxg5 fxg5 25. Bxg5 Nb6 26. Qb5 Qc3 27. Rc1 Be8 28.
Qe2 Rd2 29. Qg4 Ng6 30. Bh6 Nxa4 31. Qe6+ Bf7 32. Qh3 Bc4+ 33. bxc4 Qxc4+ 34.
Kg1 34... Bc5# {StrongBach checkmated} 0-1

[Event "ICS Rated blitz match"]
[Site "204.178.125.65"]
[Date "1999.08.23"]
[Round "?"]
[White "Hossa"]
[Black "PostModernist"]
[Result "1/2-1/2"]
[WhiteElo "2424"]
[BlackElo "2606"]
[PlyCount "127"]

1. d4 d5 2. c4 c6 3. Nc3 Nf6 4. cxd5 cxd5 5. f3 e6 6. Bg5 Be7 7. Rc1 Nc6 8. e3
O-O 9. Bb5 a6 10. Bxc6 bxc6 11. Nge2 Rb8 12. Qd2 Bd7 13. e4 dxe4 14. fxe4 Ng4
15. Bxe7 Qxe7 16. h3 Nf6 17. e5 Nd5 18. O-O Rfd8 19. b3 Re8 20. Ne4 Qh4 21. Nd6
Re7 22. Qa5 Ra8 23. Rf3 Qh5 24. Rcf1 Be8 25. Qc5 Rc7 26. Nf4 Nxf4 27. Rxf4 Qe2
28. Qb6 Re7 29. Kh1 c5 30. R4f2 Qh5 31. Qxc5 h6 32. Qb6 Bb5 33. Nxb5 axb5 34.
Qxb5 Rc7 35. a3 Qg6 36. d5 exd5 37. Qxd5 Raa7 38. Qd8+ Kh7 39. Qf8 Qe6 40. Rf3
Qxe5 41. a4 Rab7 42. b4 Rc2 43. b5 Ra7 44. b6 Rxa4 45. b7 Rb2 46. Rxf7 Qg3 47.
Rg1 Ra3 48. Qc8 Rab3 49. Qf5+ Qg6 50. Qd5 Rb5 51. Qd7 Qg3 52. Qd4 Qg6 53. Rf8
Rxb7 54. Qd5 Qc2 55. Rgf1 R7b6 56. Re1 Rd6 57. Qg8+ Kg6 58. Qf7+ Kh7 59. Rg1
Rd1 60. Qg8+ Kg6 61. Qe6+ Kh7 62. Qg8+ Kg6 63. Qe6+ Kh7 64. Qg8+ {
Game drawn by repetition} 1/2-1/2

[Event "ICS rated blitz match"]
[Site "204.178.125.65"]
[Date "1999.08.23"]
[Round "?"]
[White "Hossa"]
[Black "DrHugoELO"]
[Result "1-0"]
[WhiteElo "2432"]
[BlackElo "2106"]
[PlyCount "51"]

1. d4 c5 2. d5 e5 3. e4 d6 4. Bb5+ Bd7 5. Bxd7+ Nxd7 6. Nc3 Be7 7. Nf3 Ngf6 8.
a4 O-O 9. O-O Ne8 10. Qd3 g6 11. Bh6 Ng7 12. Qb5 Rb8 13. Nd2 f5 14. f4 exf4 15.
Rxf4 Bg5 16. Bxg5 Qxg5 17. Raf1 Rf7 18. Qa5 Nh5 19. R4f2 Ne5 20. Qxa7 Rbf8 21.
exf5 gxf5 22. Nb5 Qe3 23. Nxd6 Rg7 24. Nxf5 Rxf5 25. Qb8+ Rf8 26. Qxf8# {
DrHugoELO checkmated} 1-0

[Event "ICS Rated blitz match"]
[Site "204.178.125.65"]
[Date "1999.08.23"]
[Round "?"]
[White "Panthee"]
[Black "Hossa"]
[Result "0-1"]
[WhiteElo "2192"]
[BlackElo "2440"]
[PlyCount "40"]

1. e4 c5 2. Nf3 e5 3. d4 exd4 4. c3 Qe7 5. cxd4 Qxe4+ 6. Be3 cxd4 7. Qxd4 Qxd4
8. Nxd4 Bb4+ 9. Nd2 Nf6 10. Bd3 Nd5 11. a3 Nxe3 12. axb4 Nxg2+ 13. Kf1 Nf4 14.
Be4 d5 15. Bf3 O-O 16. b5 Bh3+ 17. Kg1 Re8 18. Rc1 Nd3 19. Rb1 Re5 20. Bg2
20... Rg5 {Panthee resigns} 0-1

[Event "ICS Rated blitz match"]
[Site "204.178.125.65"]
[Date "1999.08.23"]
[Round "?"]
[White "Panthee"]
[Black "Hossa"]
[Result "1/2-1/2"]
[WhiteElo "2180"]
[BlackElo "2452"]
[PlyCount "118"]

1. e4 c5 2. b3 e6 3. Bb2 d5 4. exd5 exd5 5. Nf3 Nc6 6. Bb5 Qe7+ 7. Qe2 Qxe2+ 8.
Kxe2 Nge7 9. Re1 Bf5 10. d3 Bg4 11. Nbd2 O-O-O 12. Kf1 Be6 13. Ng5 Nb4 14. Nxe6
fxe6 15. Rxe6 Ng6 16. Re8 Rxe8 17. Bxe8 Nxc2 18. Rc1 Nb4 19. Bxg6 hxg6 20. d4
Nd3 21. Rc2 Nxb2 22. Rxb2 cxd4 23. Nf3 Bb4 24. Nxd4 Rxh2 25. Kg1 Rh6 26. Ne6
Kd7 27. Nf4 d4 28. Nd3 Bc3 29. Re2 a6 30. g3 Kd6 31. Kg2 b5 32. Re8 g5 33. Rg8
Rh7 34. Kf3 Ke7 35. Kg4 Bd2 36. Ra8 a5 37. Rb8 Rh6 38. Rxb5 Re6 39. Re5 Kd6 40.
Rxe6+ Kxe6 41. f4 gxf4 42. gxf4 Kd5 43. Kf5 Bb4 44. Nf2 Be7 45. Nd3 Bf8 46. Ne5
Bd6 47. Nd3 g6+ 48. Kxg6 Ke4 49. Nb2 Kxf4 50. Kf6 Ba3 51. Nc4 d3 52. Ke6 Bc1
53. Kd5 d2 54. Nxd2 Bxd2 55. Kc4 Ke4 56. Kb5 Bc3 57. a3 Ke5 58. b4 axb4 59.
axb4 59... Bxb4 {Game drawn because neither player has mating material} 1/2-1/2

[Event "ICS Rated blitz match"]
[Site "204.178.125.65"]
[Date "1999.08.23"]
[Round "?"]
[White "Hossa"]
[Black "Panthee"]
[Result "0-1"]
[WhiteElo "2442"]
[BlackElo "2190"]
[PlyCount "98"]

1. e4 c6 2. d4 d5 3. e5 Bf5 4. Nf3 e6 5. Be2 Ne7 6. Bg5 c5 7. Bb5+ Nd7 8. dxc5
a6 9. Bxd7+ Qxd7 10. c4 dxc4 11. Qxd7+ Kxd7 12. Nbd2 Nc6 13. Nxc4 Bxc5 14. O-O
b5 15. Be3 Bxe3 16. Rfd1+ Ke7 17. Nxe3 Rhd8 18. Rxd8 Rxd8 19. Rc1 Na5 20. Rc7+
Rd7 21. Nxf5+ exf5 22. Rxd7+ Kxd7 23. Nd4 g6 24. f4 Nc6 25. Nxc6 Kxc6 26. Kf2
Kd5 27. g3 Ke4 28. Ke2 h6 29. h4 b4 30. b3 a5 31. Kf2 Kd3 32. g4 h5 33. gxh5
gxh5 34. Kf3 Kc2 35. Ke3 Kb2 36. Kd3 Kxa2 37. Kc2 Ka3 38. Kb1 Kxb3 39. Kc1 a4
40. Kb1 Kc3 41. Ka1 b3 42. Kb1 b2 43. Ka2 Kc2 44. Ka3 b1=Q 45. Kxa4 Kc3 46. Ka5
Kc4 47. Ka6 Kc5 48. Ka7 Kc6 49. Ka8 49... Qb7# {Hossa checkmated} 0-1

[Event "ICS Unrated bullet match"]
[Site "204.178.125.65"]
[Date "1999.08.23"]
[Round "?"]
[White "Varguz"]
[Black "Hossa"]
[Result "1-0"]
[WhiteElo "2736"]
[BlackElo "2311"]
[Annotator "Fritz 5.32 (15s)"]
[PlyCount "61"]

1. e4 1... c6 {Opening = B13 - 3.ed5 cd5(4.c4 Nf6 5.Nc3 ---)} 2. d4 d5 3. exd5
cxd5 4. c4 Nf6 5. Nf3 Nc6 6. Nc3 Bg4 7. cxd5 Nxd5 8. Qb3 Bxf3 9. gxf3 Ndb4 (
9... Nxd4 10. Bb5+ Nxb5 11. Qxb5+ Qd7 12. Qxd7+ Kxd7 13. Nxd5 Rc8 14. Be3 e6
15. Nc3 Bb4 16. O-O-O+ Ke7 17. Rd3 Bxc3 18. Rxc3 Rxc3+ 19. bxc3 Rc8 20. Kb2 b6
21. Rd1 e5 22. Kb3 f5 23. f4 exf4 24. Bxf4 Rc6 25. Bg5+ Ke6 26. Re1+ Kd5 27.
Bf4 Rf6 28. Re7 g6 29. c4+ {
1-0 Rantanen,Y-Bellon Lopez,J/La Valetta 1980/MCD (29)}) 10. Be3 Nxd4 11. Bxd4
$146 {Weiss erhaelt Koenigsangriff} (11. Qa4+ Nbc6 12. O-O-O e5 13. f4 Qa5 14.
Qxa5 Nxa5 15. fxe5 Ne6 16. f4 Rc8 17. f5 Bc5 18. Bb5+ Nc6 19. Rhe1 Bxe3+ 20.
Rxe3 Nc5 21. Rd5 Nd7 22. f6 g6 23. Bxc6 bxc6 24. Ra5 Rc7 25. Ne4 O-O 26. Nd6
Rd8 27. e6 Nxf6 28. exf7+ Kf8 29. Re6 Rcd7 30. Rxf6 Rxd6 31. Rxd6 Rxd6 32. Rxa7
Rf6 33. a4 Rf2 34. b4 Rxh2 35. b5 cxb5 36. axb5 Rh4 37. b6 Rb4 38. b7 g5 39.
Kd2 h5 40. Ke3 h4 41. Ra8+ Kxf7 42. b8=Q Rxb8 43. Rxb8 Kg6 44. Kf3 Kf5 45. Rb5+
Kg6 46. Kg4 {1-0 Cifuentes Parada,R-Regan,N/Benasque 1997/EXT 98 (46)}) 11...
Qxd4 12. Bb5+ Nc6 13. O-O $17 (13. Bc4 O-O-O 14. Bxf7 14... Ne5 $17) 13... Qf6
14. Rad1 14... Rc8 $11 (14... Qf5 $5 $17) 15. Nd5 $15 (15. Ba4 Qg5+ 16. Kh1
16... Qf4 $11) 15... Qh6 $11 (15... Qg5+ 16. Kh1 Qf5 17. Ba4 $11) 16. Be2 16...
b6 $16 (16... Qg6+ $5 $142 {ist vielleicht staerker} 17. Kh1 17... Nd8 $14) 17.
Ba6 Qh3 18. Rc1 {Weiss droht stark Qb5} (18. Bxc8 $6 18... Qxc8 19. Rc1 19...
e6 $18) 18... e5 $18 (18... h5 $5 $142 19. Qb5 $1 {
danach kommt Weiss in Vorteil} 19... Rh6 $18) 19. Qa4 ({Dagegen} 19. Bxc8 19...
Qxc8 20. Qa4 20... Bc5 $18) 19... Bc5 20. Bxc8 {Mit der Mattdrohung Qxc6} 20...
Qxc8 21. Nb4 b5 (21... O-O {der letzte Widerstandsversuch} 22. Nxc6 22... Qf5
$18) 22. Qxb5 $1 {triumphiert} 22... Qd7 23. Rfd1 $1 {die Entscheidung} 23...
Nd4 (23... Bd6 {aendert nichts am Ausgang der Partie} 24. Rxc6 O-O 25. Rdxd6
$18) 24. Qb8+ (24. Rxc5 Qxb5 (24... Nxb5 25. Rxd7 Kxd7 26. Rxb5 $18) 25. Rxb5
25... Nxb5 $16) 24... Qd8 25. Qxe5+ $1 {macht alles klar.} 25... Be7 26. Rxd4 {
Droht Matt: Rxd8} 26... Qa8 27. Qxg7 {Es droht Matt.} 27... Rf8 28. Na6 {
Droht Matt} 28... Bd6 (28... Qb7 {hilft allerdings auch nicht} 29. Nc7+ Qxc7
30. Rxc7 Rh8 31. Qxh8+ Bf8 32. Qe5+ Be7 33. Qxe7#) 29. Rxd6 Qd8 (29... Qb7 {
nuetzt auch nichts mehr} 30. Qe5+ Qe7 31. Nc7#) 30. Qe5+ Qe7 31. Nc7# 1-0

[Event "ICS Rated blitz match"]
[Site "204.178.125.65"]
[Date "1999.08.23"]
[Round "?"]
[White "DrHugoELO"]
[Black "Hossa"]
[Result "0-1"]
[WhiteElo "2133"]
[BlackElo "2411"]
[Annotator "Fritz 5.32 (15s)"]
[PlyCount "54"]

1. d4 1... Nf6 {Opening = E73 - 5.Be2(0-0 6.Bg5 ---)} 2. c4 g6 3. Nc3 Bg7 4. e4
d6 5. Be2 Nfd7 (5... Na6 6. f4 c5 7. d5 Nc7 8. Nf3 O-O 9. O-O a6 10. a4 Rb8 11.
a5 b5 12. axb6 Rxb6 13. Ra2 Bg4 14. h3 Bxf3 15. Bxf3 Nd7 16. Na4 Rb4 17. Qc2
Bd4+ 18. Kh1 e5 19. f5 Qh4 20. Bd2 {
Muse,M-Vavpetic,V/Ljubljana 1994/TD/1-0 (36)}) 6. f4 $146 (6. Nf3 c5 7. O-O Nc6
8. d5 Nd4 9. Nxd4 Bxd4 10. Bh6 Bxc3 11. bxc3 Qa5 12. Qd2 Qa4 13. f4 b6 14. e5
Bb7 15. Bg5 f6 16. e6 fxg5 17. exd7+ Kxd7 18. Rae1 Raf8 19. Bd1 Qxc4 20. Qe3
Rxf4 21. Qxe7+ Kc8 22. Bg4+ Kb8 23. Qxd6+ Ka8 24. Rxf4 Qxf4 25. Qd7 Bc8 26.
Qc6+ Kb8 27. Bxc8 Rxc8 28. Re8 {- Yrjola,J-Westerinen,H/Gjovik 1985/MCD (28)})
6... O-O 7. Be3 e5 8. fxe5 {Weiss erobert Raum} 8... dxe5 9. d5 {Raumvorteil}
9... f5 10. Nf3 fxe4 11. Nxe4 {Ein gutes Feld fuer den Springer.} 11... c6 12.
O-O 12... Nb6 {Schwarz geht zum Angriff ueber} 13. Qb3 Bf5 14. Neg5 e4 15. Nh4
Bd7 (15... cxd5 $2 {ist nicht spielbar} 16. cxd5 Qd6 17. Nxf5 gxf5 18. Ne6 $18)
16. Rad1 $4 $15 {gibt den Vorteil aus der Hand} (16. dxc6 Rxf1+ 17. Rxf1 bxc6
18. c5+ Nd5 19. Bc4 $18) 16... Rxf1+ $11 (16... cxd5 17. Rxd5 (17. cxd5 $143
17... Ba4 18. Qb4 Bxd1 19. Rxd1 19... Bh6 $17 (19... Nxd5 20. Qxe4 Re8 21. Rxd5
$18)) 17... Rxf1+ 18. Bxf1 Nxd5 19. cxd5 $11) 17. Bxf1 {Weiss droht stark dxc6}
17... cxd5 18. cxd5 $17 (18. Rxd5 $5 $142 {sieht noch spielbar aus} 18... Nxd5
19. cxd5 $11) 18... Ba4 19. Bxb6 $17 (19. Qb4 Bxd1 20. d6 Qc8 21. Bxb6 Bf6 22.
Nxe4 22... Be5 $18 (22... Bxh4 $4 {Schwarz kann den Springer nicht schlagen}
23. Bc4+ Qxc4 24. Qxc4+ Kf8 25. Qc8+ Kf7 26. Qxb7+ Ke6 27. Bf2 Bxf2+ 28. Kxf2
$18) (22... axb6 {scheitert an} 23. Nxf6+ Kh8 24. Qd2 $16)) 19... axb6 $11 (
19... Bxb3 $5 $142 20. Bxd8 20... Bxd1 $17) 20. Qg3 $4 $19 (20. Qc4 20... Qxg5
$1 {Schwarz kommt in Vorteil} 21. d6+ Kf8 22. Qc8+ Be8 23. d7 Nxd7 24. Qxa8
Bd4+ 25. Rxd4 Qe3+ 26. Kh1 Qxd4 27. Qa3+ Nc5 28. Qc3 Qxc3 29. bxc3 $19) 20...
Bxd1 21. Bc4 (21. d6 {hilft allerdings auch nicht} 21... b5 $19) 21... Bd4+ (
21... b5 $142 {sichert den Gewinn} 22. Qh3 Bd4+ 23. Kh1 Qxg5 24. Qe6+ Kg7 25.
Qxe4 $19) 22. Kh1 b5 23. Ne6 (23. Nf5 Qa5 24. Qh4 $19) 23... Qf6 24. h3 (24.
Bxb5 {lenkt den Gegner vielleicht noch ab} 24... Be5 25. Qe1 Rxa2 26. Bc4 $19)
24... bxc4 (24... Be5 $5 {waere im Gewinnsinne praeziser} 25. Qe1 bxc4 26. Nxg6
Qxg6 27. Qf1 $19) 25. Qc7 (25. Nxd4 {ist vielleicht noch ein Schwindelversuch}
25... Qxd4 26. Nxg6 hxg6 27. Qxg6+ Kf8 28. Qd6+ Kg7 29. Qe7+ Kg6 30. Qe6+ Kg5
31. Qe7+ Qf6 32. Qxe4 Qf1+ 33. Kh2 Qf4+ 34. Qxf4+ Kxf4 35. a3 Rxa3 36. h4 $19)
25... Qf1+ (25... Qxh4 $4 {der Springer darf nicht angetastet werden} 26. Qc8+
Qd8 27. Qxd8+ Kf7 28. Qf8#) 26. Kh2 Bg1+ 27. Kg3 (27. Kh1 {
macht keinen grossen Unterschied} 27... Bf2+ 28. Kh2 Qg1#) 27... Qf2# 0-1

[Event "ICS Rated blitz match"]
[Site "204.178.125.65"]
[Date "1999.08.23"]
[Round "?"]
[White "Hossa"]
[Black "DrHugoELO"]
[Result "1-0"]
[WhiteElo "2416"]
[BlackElo "2128"]
[Annotator "Fritz 5.32 (15s)"]
[PlyCount "69"]

1. d4 1... c5 {Opening = A44 - 2.d5 e5} 2. d5 e5 3. e4 d6 4. Bb5+ Bd7 5. Bxd7+
Nxd7 6. Nc3 Be7 7. Nf3 Ngf6 8. a4 8... O-O $146 (8... Qa5 9. O-O a6 10. Bd2 Rc8
11. Qe2 h6 12. Nh4 g6 13. g3 c4 14. Ng2 Kf8 15. Ne3 Qc5 16. a5 Qd4 17. f3 Kg7
18. Ra4 Rc7 19. Kg2 b5 20. axb6 Qxb6 21. Nxc4 Qb7 22. Na5 Qb6 23. b4 {
Tregubov,P-Makovetsky,V/Novgorod 1997/CBM 60/1-0 (42)}) 9. O-O Ne8 10. Qd3 g6
11. Bh6 Ng7 12. Qb5 Rb8 13. Nd2 a6 14. Qd3 Bg5 15. Qh3 $11 (15. Bxg7 Kxg7 16.
Nc4 16... Nb6 $11) 15... Bxh6 16. Qxh6 16... f5 {Der Standardhebel} 17. f3
17... f4 $14 {Raumgewinn} (17... Qb6 18. Rfb1 $11) 18. a5 Nf6 19. Ne2 $15 (19.
Nc4 $5 $14 {sieht spielbar aus}) 19... b5 $14 (19... Nxd5 $5 {
steht zur Diskussion} 20. Nc4 b5 21. axb6 21... Nxb6 $15) 20. axb6 {
Ist dieser Freibauer gefaehrlich?} 20... Rxb6 $2 $18 (20... Nxd5 21. Rxa6 21...
Ne3 $16) 21. Nc4 Rb4 22. b3 22... a5 $18 (22... Nxd5 $5 23. Rfd1 Rxc4 24. bxc4
24... Ne3 $16) 23. Nxa5 {Die Oeffnung der a-Linie verschafft Weiss Drohungen}
23... Qb6 (23... Qc7 24. Nc6 Rb7 25. Ra6 $18) 24. Nc6 c4+ 25. Kh1 cxb3 26. Nxb4
Qxb4 27. cxb3 Qxb3 28. Rfb1 Qe3 29. Rb7 {Es droht Matt} 29... Nfe8 (29... Rf7
30. Rxf7 30... Kxf7 $18) 30. Raa7 {Droht Matt} 30... Qxa7 31. Rxa7 Kh8 32. Nc3
Rg8 (32... Kg8 {waere gleichermassen fruchtlos} 33. Nb5 Rf6 34. Ra8 $18) 33.
Nb5 Nf6 34. Nxd6 Nxd5 35. Nf7# 1-0